JetPunk Traitors: Traitor or Innocent? - Statistics

General Stats
  • This quiz has been taken 9 times
  • The average score is 11 of 18
Answer Stats
Hint Answer % Correct
DukeOfArrakis Innocent
89%
Gademotsili99 Innocent
78%
Gekko0923 Innocent
78%
KiloNova Traitor
78%
Trompete79 Traitor
78%
AManWith3Ears Innocent
67%
DarthKnight Innocent
67%
FlabberBapper Traitor
67%
Astana Traitor
67%
Minecraftyoshi2 Innocent
56%
Lingonax Innocent
56%
MasterRocket Traitor
56%
LuckyCat Traitor
56%
SonyVondern Traitor
56%
Amphi64 Innocent
44%
SalaamDi Innocent
44%
Deathslayer Innocent
44%
Ushuaia Innocent
33%
No matching quizzes found
Score Distribution
Percent of People with Each Score
Percentile by Number Answered
Your Score History
You have not taken this quiz